[Event "Open Loire 2011-2012"]
[Site "LOIRE"]
[Date "2011.11.05"]
[Round "2.13"]
[White "Brachet, Gerard"]
[Black "Desassis, Jean-Francois"]
[Result "0-1"]
[WhiteElo "1350"]
[BlackElo "1550"]
[PlyCount "63"]
[EventDate "2011.??.??"]

1. d4 Nf6 2. Nf3 g6 3. c4 Bg7 4. Nc3 Ng4 5. h3 Nf6 6. Bf4 O-O 7. e4 d6 8. e5
Nh5 9. Bh2 dxe5 10. Bxe5 Bxe5 11. Nxe5 Nd7 12. c5 b6 13. c6 Nxe5 14. dxe5 Qe8
15. Qf3 Be6 16. g4 Ng7 17. O-O-O f6 18. Qe4 f5 19. Qa4 fxg4 20. hxg4 Rxf2 21.
Bc4 Qf7 22. Bxe6 Nxe6 23. Qc4 Rf4 24. Qd5 Rd8 25. Qg2 Rxd1+ 26. Rxd1 Nd4 27.
Qd5 Qxd5 28. Nxd5 Rxg4 29. Nxc7 Nxc6 30. e6 Rc4+ 31. Kb1 Nd4 32. Re1 0-1

[Event "Open Loire 2011-2012"]
[Site "LOIRE"]
[Date "2011.11.05"]
[Round "2.14"]
[White "Daillere, Roland"]
[Black "Duffy, Claudine"]
[Result "1-0"]
[WhiteElo "1240"]
[BlackElo "1499"]
[PlyCount "31"]
[EventDate "2011.??.??"]

1. e4 e5 2. f4 Bd6 3. Nf3 f6 4. Bc4 Ne7 5. d4 exf4 6. e5 Bb4+ 7. c3 Ba5 8. Bxf4
d5 9. exd6 Nf5 10. dxc7 Bxc7 11. Qe2+ Ne7 12. Bxc7 Qxc7 13. O-O g5 14. g3 Nd7
15. Re1 Rf8 16. Qxe7# 1-0

[Event "Open Loire 2011-2012"]
[Site "LOIRE"]
[Date "2011.11.05"]
[Round "2.15"]
[White "Acikgoz, Tuncay"]
[Black "Martin, Julien"]
[Result "0-1"]
[WhiteElo "1199"]
[BlackElo "1490"]
[PlyCount "134"]
[EventDate "2011.??.??"]

1. e4 e5 2. Nf3 d6 3. Bc4 Nf6 4. Nc3 Bg4 5. h3 Bxf3 6. Qxf3 Be7 7. O-O O-O 8.
d3 Nc6 9. Qg3 Qd7 10. Bh6 Nh5 11. Qg4 Qxg4 12. hxg4 Nf6 13. Bg5 Nxg4 14. Bxe7
Nxe7 15. Nb5 Rfc8 16. d4 c6 17. Nxd6 Rc7 18. d5 cxd5 19. exd5 Rd8 20. Nxf7 Kxf7
21. b3 Kf8 22. Rad1 Rcd7 23. Be2 Nf6 24. c4 Ne4 25. f4 Nc3 26. fxe5+ Kg8 27.
Rd2 Nf5 28. Rxf5 g6 29. Rg5 Ne4 30. e6 Re7 31. d6 Rxe6 32. Bg4 Nxg5 33. Bxe6+
Nxe6 34. b4 Ng5 35. a4 Ne4 36. Rd4 Nc3 37. Kf2 Nxa4 38. c5 a6 39. Ke3 Nc3 40.
Kd3 Nd1 41. Kc4 Ne3+ 42. Kb3 Nxg2 43. Ka4 h5 44. b5 axb5+ 45. Kxb5 Kf7 46. c6
bxc6+ 47. Kxc6 Ke6 48. Kc7 Rd7+ 49. Kc6 Rxd6+ 50. Rxd6+ Kf5 51. Rd5+ Kg4 52.
Rd6 g5 53. Kd5 h4 54. Ke5 h3 55. Rd4+ Nf4 56. Rd2 Kg3 57. Kf5 h2 58. Rd1 Nh3
59. Rh1 Kg2 60. Rxh2+ Kxh2 61. Kg4 Kg2 62. Kh5 Kg3 63. Kh6 Kf4 64. Kh5 Kf3 65.
Kh6 g4 66. Kh5 g3 67. Kh4 Nf2 0-1

[Event "Open Loire 2011-2012"]
[Site "LOIRE"]
[Date "2011.11.05"]
[Round "2.16"]
[White "Volay, Pascal"]
[Black "Niceto, Pierrick"]
[Result "1-0"]
[WhiteElo "1460"]
[BlackElo "1199"]
[PlyCount "123"]
[EventDate "2011.??.??"]

1. e4 e5 2. Nf3 Nc6 3. Bb5 Bb4 4. a3 Bc5 5. O-O Nf6 6. Bxc6 dxc6 7. d3 Bg4 8.
h3 Bxf3 9. Qxf3 O-O 10. Bg5 Bd4 11. Bxf6 Qxf6 12. Qxf6 gxf6 13. c3 Bc5 14. Rd1
Rfd8 15. Kf1 Rd6 16. b4 Bb6 17. a4 a5 18. b5 cxb5 19. axb5 a4 20. Na3 Bc5 21.
Ke2 Bxa3 22. Rxa3 c6 23. Rb1 cxb5 24. Rxb5 b6 25. c4 Ra6 26. Rb4 Rd4 27. Rbxa4
Rxa4 28. Rxa4 Rd8 29. Rb4 Rb8 30. Ke3 Kg7 31. d4 exd4+ 32. Kxd4 Kg6 33. Rb5
Rd8+ 34. Ke3 Rd6 35. f3 h5 36. c5 bxc5 37. Rxc5 Re6 38. h4 Re5 39. Rxe5 fxe5
40. f4 exf4+ 41. Kxf4 Kf6 42. g3 Ke6 43. Kg5 Ke5 44. Kxh5 Kxe4 45. Kg5 Ke5 46.
h5 f6+ 47. Kg6 f5 48. h6 f4 49. gxf4+ Kxf4 50. h7 Ke5 51. h8=Q+ Kd5 52. Qf6 Ke4
53. Qf5+ Kd4 54. Kf6 Ke3 55. Ke5 Kd2 56. Qe4 Kc3 57. Kd5 Kb3 58. Qc4+ Ka3 59.
Qb5 Ka2 60. Kc4 Ka3 61. Kc3 Ka2 62. Qb2# 1-0

[Event "Open Loire 2011-2012"]
[Site "LOIRE"]
[Date "2011.11.05"]
[Round "2.17"]
[White "Laffin, Mickael"]
[Black "Richard, Nicolas"]
[Result "0-1"]
[WhiteElo "1120"]
[BlackElo "1450"]
[PlyCount "100"]
[EventDate "2011.??.??"]

1. e4 e6 2. Nf3 d5 3. d3 dxe4 4. dxe4 Qxd1+ 5. Kxd1 Nc6 6. Bb5 Bd7 7. Bf4 Bd6
8. Bxd6 cxd6 9. Nc3 a6 10. Ba4 e5 11. Nd5 Rc8 12. Nb6 Rd8 13. Re1 Nf6 14. Bb3
O-O 15. Kd2 Bg4 16. h3 Bxf3 17. gxf3 Nd4 18. Bd5 Nxf3+ 19. Ke2 Nxe1 20. Kxe1
Nxd5 21. exd5 Rfe8 22. Rd1 e4 23. Nc4 Rc8 24. Nxd6 Red8 25. Nxc8 Rxc8 26. d6
Rd8 27. c4 b6 28. b4 Kf8 29. b5 axb5 30. cxb5 Ke8 31. a4 Kd7 32. Ke2 Ke6 33.
Ke3 Rxd6 34. Rxd6+ Kxd6 35. Kxe4 Kc5 36. Ke5 Kb4 37. Kd6 Kxa4 38. Kc6 Ka5 39.
f4 f5 40. h4 g6 41. Kd6 Kxb5 42. Ke6 Kc5 43. Kf6 Kd5 44. Kg7 Ke6 45. Kxh7 Kf7
46. Kh6 b5 47. h5 gxh5 48. Kxh5 Kf6 49. Kh4 b4 50. Kg3 b3 0-1

[Event "Open Loire 2011-2012"]
[Site "LOIRE"]
[Date "2011.11.05"]
[Round "2.19"]
[White "Poyet, Louis"]
[Black "Rogues, Jean-Luc"]
[Result "0-1"]
[WhiteElo "1099"]
[BlackElo "1430"]
[PlyCount "56"]
[EventDate "2011.??.??"]

1. e4 e6 2. d4 d5 3. e5 c5 4. c3 Nc6 5. Nf3 Qb6 6. Na3 Bd7 7. Be3 Qxb2 8. Rb1
Qxc3+ 9. Bd2 Qxa3 10. Bb5 b6 11. Bc1 Qxa2 12. Rb2 Qa5+ 13. Bd2 Qa3 14. Bc1 Qc3+
15. Nd2 Qxd4 16. O-O Qxe5 17. Nf3 Qd6 18. Re1 Nf6 19. Ba6 Be7 20. Bd2 O-O 21.
Be2 Ne4 22. Bc1 Bf6 23. Rc2 Nb4 24. Rb2 Bxb2 25. Bxb2 b5 26. Be5 Qb6 27. Bf4 f6
28. Be3 d4 0-1

[Event "Open Loire 2011-2012"]
[Site "LOIRE"]
[Date "2011.11.05"]
[Round "2.20"]
[White "Bournez, Gerard"]
[Black "Lempereur, Theo"]
[Result "1/2-1/2"]
[WhiteElo "1420"]
[BlackElo "1099"]
[PlyCount "143"]
[EventDate "2011.??.??"]

1. e4 e5 2. Bc4 Nf6 3. d3 Bc5 4. h3 Nc6 5. a3 d6 6. Nf3 O-O 7. Bg5 Bd7 8. c3 a6
9. Nbd2 b5 10. Bd5 a5 11. O-O Rb8 12. Bxf6 Qxf6 13. Nb3 b4 14. axb4 axb4 15. c4
Nd4 16. Nbxd4 exd4 17. b3 c6 18. e5 dxe5 19. Be4 Be7 20. Ra5 c5 21. Qa1 Qh6 22.
Ra6 Bf6 23. Nxe5 Bxh3 24. Nd7 Qg5 25. Nxf6+ gxf6 26. Qc1 Qg4 27. Rxf6 Rbe8 28.
Rf4 Qg7 29. Bf3 Re5 30. Qd1 Rh5 31. Re1 Rg5 32. g3 Rxg3+ 33. fxg3 Qxg3+ 34. Kh1
Qxf4 35. Rg1+ Kh8 36. Qe2 Rg8 37. Rxg8+ Kxg8 38. Be4 f5 39. Bg2 Qc1+ 40. Kh2
Bxg2 41. Kxg2 Qg5+ 42. Kf1 h5 43. Qe6+ Kg7 44. Qd7+ Kh6 45. Qd6+ Qg6 46. Qf4+
Kh7 47. Qc7+ Qg7 48. Qxc5 h4 49. Qxf5+ Qg6 50. Qxg6+ Kxg6 51. c5 h3 52. c6 h2
53. Kg2 h1=Q+ 54. Kxh1 Kf6 55. c7 Ke5 56. c8=Q Kf4 57. Qc4 Ke3 58. Kg2 Ke2 59.
Qxd4 Kd2 60. Qc4 Ke3 61. d4 Kf4 62. d5+ Kf5 63. Kf3 Ke5 64. Qe4+ Kd6 65. Kf4
Kc5 66. Ke5 Kb5 67. Qc4+ Ka5 68. d6 Kb6 69. Kd5 Kb7 70. Qc7+ Ka6 71. d7 Kb5 72.
d8=Q 1/2-1/2

[Event "Open Loire 2011-2012"]
[Site "LOIRE"]
[Date "2011.11.05"]
[Round "2.21"]
[White "Barrandon, Georges"]
[Black "Choquelle, Jean"]
[Result "0-1"]
[WhiteElo "1370"]
[BlackElo "1090"]
[PlyCount "100"]
[EventDate "2011.??.??"]

1. d4 d5 2. c4 e6 3. Bf4 Nf6 4. Nf3 Be7 5. Nc3 a6 6. h3 Ne4 7. Nxe4 dxe4 8. Nd2
f5 9. e3 c5 10. Be5 O-O 11. Nb3 Qb6 12. Be2 Nc6 13. Bf4 Qd8 14. dxc5 b6 15.
Qxd8 Bxd8 16. Bd6 Rf6 17. O-O-O Bb7 18. f3 a5 19. fxe4 fxe4 20. cxb6 Bxb6 21.
c5 Bd8 22. Nd2 Nb4 23. Bc4 Bd5 24. Kb1 Rf5 25. Rhf1 g6 26. g4 Rf7 27. Rxf7 Kxf7
28. Rf1+ Bf6 29. Be5 Kg7 30. Bxf6+ Kh6 31. Bxd5 Nxd5 32. Nxe4 Rf8 33. g5+ Kh5
34. Re1 Rb8 35. Nf2 Nc7 36. Rc1 Nd5 37. e4 Nf4 38. Rc4 Ng2 39. c6 Ne3 40. Rc1
a4 41. c7 Rc8 42. Bd8 Kh4 43. Rc6 Kg3 44. Ng4 Nf1 45. Rb6 Nd2+ 46. Kc2 Nxe4 47.
Rb8 Nc5 48. Nf6 e5 49. Nd7 e4 50. Nb6 Kf2 0-1

[Event "Open Loire 2011-2012"]
[Site "LOIRE"]
[Date "2011.12.03"]
[Round "3.1"]
[White "Buisine, Roman"]
[Black "Libiszewski, Christian"]
[Result "0-1"]
[WhiteElo "1693"]
[BlackElo "1570"]
[PlyCount "78"]
[EventDate "2011.??.??"]

1. e4 e6 2. d4 d5 3. e5 c5 4. c3 Nc6 5. Nf3 Qb6 6. a3 Nge7 7. b4 cxd4 8. cxd4
Nf5 9. Bb2 Be7 10. Be2 O-O 11. O-O f6 12. g4 Nh6 13. h3 fxe5 14. dxe5 Nf7 15.
Bd3 Ng5 16. Nxg5 Bxg5 17. Nd2 Rf7 18. Nf3 Be7 19. Qc2 Rxf3 20. Bxh7+ Kh8 21.
Kg2 Rf8 22. f4 Bd7 23. f5 exf5 24. Bxf5 Bxf5 25. gxf5 Rac8 26. f6 gxf6 27. exf6
Bd6 28. f7+ Be5 29. Bxe5+ Nxe5 30. Qxc8 Rxc8 31. f8=Q+ Rxf8 32. Rxf8+ Kg7 33.
Raf1 Qe3 34. R8f5 d4 35. h4 d3 36. Rg5+ Kh7 37. Rff5 Qe2+ 38. Rf2 Qe4+ 39. Kg1
Nf3+ 0-1

[Event "Open Loire 2011-2012"]
[Site "LOIRE"]
[Date "2011.12.03"]
[Round "3.2"]
[White "Buisson, Sebastien"]
[Black "Mazet, Christian"]
[Result "1/2-1/2"]
[WhiteElo "1520"]
[BlackElo "1630"]
[PlyCount "50"]
[EventDate "2011.??.??"]

1. e4 e5 2. Nf3 Nf6 3. Nxe5 d6 4. Nf3 Nxe4 5. d4 d5 6. Be2 Bd6 7. O-O O-O 8.
Re1 Nc6 9. Nbd2 Re8 10. c4 Bb4 11. cxd5 Nxd2 12. Bxd2 Bxd2 13. Qxd2 Ne7 14. Bb5
Bd7 15. Bc4 b5 16. Bb3 a5 17. Qg5 a4 18. Bc2 h6 19. Qh5 Ra6 20. Ne5 Rf6 21. g4
Ng6 22. Nxg6 fxg6 23. Bxg6 Ref8 24. Re2 Rf4 25. h3 Qf6 1/2-1/2

[Event "Open Loire 2011-2012"]
[Site "LOIRE"]
[Date "2011.12.03"]
[Round "3.3"]
[White "Carteron, Olivier"]
[Black "Moleins, Jean-Pierre"]
[Result "1-0"]
[WhiteElo "1600"]
[BlackElo "1570"]
[PlyCount "59"]
[EventDate "2011.??.??"]

1. d4 d5 2. Nf3 Nc6 3. c4 e5 4. dxe5 d4 5. Bg5 Be7 6. Bxe7 Ngxe7 7. e3 Bg4 8.
exd4 Bxf3 9. Qxf3 Qxd4 10. Nc3 Qxe5+ 11. Be2 Nd4 12. Qxb7 O-O 13. O-O Nxe2+ 14.
Nxe2 Rab8 15. Qxa7 Rxb2 16. Ng3 Rfb8 17. Rfe1 Qd6 18. Rad1 Qb4 19. Qxc7 Ng6 20.
h3 Rxa2 21. Rd8+ Nf8 22. Re7 Rxd8 23. Qxd8 Qb1+ 24. Kh2 Rxf2 25. Re8 Qb4 26.
Ne4 Rxg2+ 27. Kxg2 Qb2+ 28. Qd2 Qb6 29. Qd6 Qb2+ 30. Nf2 1-0

[Event "Open Loire 2011-2012"]
[Site "LOIRE"]
[Date "2011.12.03"]
[Round "3.4"]
[White "Mialon, Franck"]
[Black "Liogier, Pascal"]
[Result "0-1"]
[WhiteElo "1320"]
[BlackElo "1580"]
[PlyCount "76"]
[EventDate "2011.??.??"]

1. e4 d5 2. exd5 Qxd5 3. Nc3 Qa5 4. d4 Bf5 5. Bd2 Nf6 6. Bc4 Qb6 7. Nf3 Nbd7 8.
O-O e6 9. Rb1 Ne4 10. Nxe4 Bxe4 11. Re1 Nf6 12. Be3 c5 13. b4 cxd4 14. Bxd4 Qd8
15. Bxf6 Qxf6 16. Rxe4 a6 17. b5 Bc5 18. bxa6 bxa6 19. Bxa6 O-O 20. Bd3 Rxa2
21. Rh4 h6 22. Qd2 Rd8 23. Rf4 Qe7 24. Ne5 Rf8 25. Bc4 Ra4 26. Re1 Bb4 27. c3
Bd6 28. Rg4 h5 29. Rge4 Bxe5 30. Bb3 Rxe4 31. Rxe4 Rd8 32. Qe1 f6 33. f4 Qc5+
34. Kh1 Qxc3 35. Bxe6+ Kh8 36. fxe5 Qxe1+ 37. Rxe1 fxe5 38. Rxe5 Rd1+ 0-1

[Event "Open Loire 2011-2012"]
[Site "LOIRE"]
[Date "2011.12.03"]
[Round "3.5"]
[White "Schlick, Paul"]
[Black "Martin, Julien"]
[Result "1-0"]
[WhiteElo "1620"]
[BlackElo "1490"]
[PlyCount "55"]
[EventDate "2011.??.??"]

1. d4 d5 2. Nf3 Nc6 3. Bf4 e6 4. e3 Bd6 5. Bxd6 Qxd6 6. Qd2 Nf6 7. Bb5 Bd7 8.
O-O Ne4 9. Qe2 a6 10. Bxc6 Bxc6 11. Nbd2 Nxd2 12. Nxd2 O-O 13. Rfc1 Bd7 14. c4
c6 15. c5 Qe7 16. b4 e5 17. Re1 exd4 18. exd4 Qf6 19. Nb3 Rfe8 20. Qd3 g6 21.
Re3 Bf5 22. Qd2 Rxe3 23. Qxe3 Bd7 24. Re1 Be6 25. Na5 Qe7 26. Qe5 Rd8 27. f4 b6
28. Nxc6 1-0

[Event "Open Loire 2011-2012"]
[Site "LOIRE"]
[Date "2011.12.03"]
[Round "3.6"]
[White "Richard, Nicolas"]
[Black "Doran, Niall"]
[Result "1/2-1/2"]
[WhiteElo "1450"]
[BlackElo "1611"]
[PlyCount "47"]
[EventDate "2011.??.??"]

1. e4 e5 2. Nf3 Nc6 3. d4 exd4 4. Nxd4 Nxd4 5. Qxd4 Qf6 6. Qc4 Bd6 7. Nc3 c6 8.
Be3 b5 9. Qd3 Ne7 10. O-O-O Be5 11. Bd4 Ng6 12. g3 a5 13. f4 Bxd4 14. Qxd4 Qxd4
15. Rxd4 O-O 16. b3 Rd8 17. e5 c5 18. Rd2 Bb7 19. Rg1 b4 20. Nb5 a4 21. bxa4
Bc6 22. Bc4 Rxa4 23. Nd6 Nh8 24. Rd3 1/2-1/2

[Event "Open Loire 2011-2012"]
[Site "LOIRE"]
[Date "2011.12.03"]
[Round "3.7"]
[White "Desassis, Jean-Francois"]
[Black "Volay, Pascal"]
[Result "1-0"]
[WhiteElo "1550"]
[BlackElo "1460"]
[PlyCount "102"]
[EventDate "2011.??.??"]

1. c4 Nf6 2. Nc3 e5 3. Nf3 Nc6 4. g3 d6 5. Bg2 Bd7 6. O-O Be7 7. a3 a6 8. d3
Rb8 9. b4 Na7 10. Bd2 O-O 11. a4 c6 12. b5 a5 13. Rb1 b6 14. d4 exd4 15. Nxd4
Rc8 16. Be3 c5 17. Nc2 Be6 18. Nd5 Bxd5 19. Bxd5 Rc7 20. Bg2 h6 21. Na1 Qd7 22.
Nb3 Rcc8 23. Qd2 Qe6 24. Qd3 Rfd8 25. Nd2 d5 26. f4 d4 27. Bf2 Rc7 28. Nb3 Nc8
29. Nxa5 Ra7 30. Nc6 Rxa4 31. Nxd8 Bxd8 32. Rfc1 Nd6 33. Ra1 Rxc4 34. Rxc4 Qxc4
35. Qxc4 Nxc4 36. Ra8 Ng4 37. Rxd8+ Kh7 38. Bd5 Na3 39. Bc6 Nc4 40. Bf3 Nf6 41.
Rb8 Kg6 42. Kg2 Kf5 43. Rb7 Ke6 44. Kf1 Ne8 45. g4 Ned6 46. Rb8 Nxb5 47. f5+
Kd6 48. Rd8+ Ke7 49. Rb8 Nbd6 50. Bd5 Kf6 51. Bxc4 Nxc4 1-0

[Event "Open Loire 2011-2012"]
[Site "LOIRE"]
[Date "2011.12.03"]
[Round "3.8"]
[White "Jandeau, Cyril"]
[Black "Allabrune, Guillaume"]
[Result "1-0"]
[WhiteElo "1440"]
[BlackElo "1520"]
[PlyCount "61"]
[EventDate "2011.??.??"]

1. e4 e5 2. Nf3 Nc6 3. Bb5 Bc5 4. O-O d6 5. c3 a6 6. Ba4 Nf6 7. d4 b5 8. Bb3
Bb6 9. Ng5 O-O 10. Bxf7+ Rxf7 11. Nxf7 Kxf7 12. Qb3+ Be6 13. d5 Na5 14. dxe6+
Ke7 15. Qc2 Qc8 16. Bg5 Qxe6 17. Nd2 h6 18. Bxf6+ gxf6 19. Qd3 Rg8 20. Qf3 Rg5
21. b3 c6 22. g3 d5 23. h4 Rg8 24. Kg2 dxe4 25. Qxe4 f5 26. Qe2 f4 27. Nf3 e4
28. Rae1 Be3 29. Nd4 f3+ 30. Nxf3 Bxf2 31. Kxf2 1-0

[Event "Open Loire 2011-2012"]
[Site "LOIRE"]
[Date "2011.12.03"]
[Round "3.9"]
[White "Megnot, Philippe"]
[Black "Benakila, Samir"]
[Result "0-1"]
[WhiteElo "1500"]
[BlackElo "1440"]
[PlyCount "50"]
[EventDate "2011.??.??"]

1. e4 d6 2. d4 Nf6 3. Nc3 g6 4. Nf3 Bg7 5. Bd3 O-O 6. O-O Nbd7 7. Bg5 c5 8. e5
Ne8 9. exd6 f6 10. Bc4+ Kh8 11. Bf4 Nxd6 12. Bxd6 exd6 13. Re1 Nb6 14. Bb3 a6
15. Ba4 Nxa4 16. Nxa4 b5 17. Nc3 Bb7 18. d5 Qd7 19. Ne2 Qf5 20. Ng3 Qxd5 21.
Qxd5 Bxd5 22. Re7 Rfe8 23. Rd7 Bf8 24. b3 c4 25. Rf7 Bxf7 0-1

[Event "Open Loire 2011-2012"]
[Site "LOIRE"]
[Date "2011.12.03"]
[Round "3.10"]
[White "Fournier, Remy"]
[Black "Trottet, Francois"]
[Result "0-1"]
[WhiteElo "1499"]
[BlackElo "1440"]
[PlyCount "62"]
[EventDate "2011.??.??"]

1. e4 c5 2. Nf3 d6 3. d4 cxd4 4. Nxd4 Nf6 5. Nc3 a6 6. Bc4 b5 7. Bb3 e6 8. O-O
Be7 9. Re1 O-O 10. e5 Ne8 11. exd6 Bxd6 12. Be3 Qc7 13. Nf3 Bb7 14. a4 b4 15.
Nb1 Nc6 16. c3 Rd8 17. Qe2 a5 18. Rd1 bxc3 19. Nxc3 Qb8 20. Bc2 Nb4 21. Bb1 Nd5
22. Ne4 Nxe3 23. Qxe3 Bf4 24. Qe2 Rxd1+ 25. Qxd1 Nd6 26. Qe1 Rd8 27. g3 Bh6 28.
Nxd6 Qxd6 29. Ba2 Bxf3 30. Qc3 Qd1+ 31. Rxd1 Rxd1+ 0-1

[Event "Open Loire 2011-2012"]
[Site "LOIRE"]
[Date "2011.12.03"]
[Round "3.11"]
[White "Choquelle, Jean"]
[Black "Pradel, Philippe"]
[Result "0-1"]
[WhiteElo "1090"]
[BlackElo "1499"]
[PlyCount "82"]
[EventDate "2011.??.??"]

1. c4 c5 2. Nc3 Nf6 3. d3 e6 4. Nf3 d5 5. g3 Nc6 6. Bg2 Be7 7. O-O O-O 8. Bf4
a6 9. Re1 Bd6 10. Bg5 h6 11. Bxh6 gxh6 12. Qd2 Kh7 13. e4 d4 14. Ne2 e5 15. Nh4
Nh5 16. Bf3 Ng7 17. Bg2 Be7 18. Nf3 Bg4 19. h3 Bxf3 20. Bxf3 Nb4 21. Kg2 Bg5
22. Qd1 Rg8 23. Rh1 Ne6 24. Bg4 b5 25. Bf5+ Kh8 26. h4 Bxh4 27. Rxh4 Qxh4 28.
Qh1 Qxh1+ 29. Rxh1 Kg7 30. Ng1 Nxd3 31. Nf3 Rh8 32. Bg4 bxc4 33. Rh5 Ng5 34.
Nh4 Nxe4 35. Nf5+ Kf8 36. Rxh6 Rxh6 37. Nxh6 Nexf2 38. Bh5 Ra7 39. Nf5 c3 40.
Nd6 cxb2 41. Nc8 Rc7 0-1

[Event "Open Loire 2011-2012"]
[Site "LOIRE"]
[Date "2011.12.03"]
[Round "3.12"]
[White "Sueur, Raphael"]
[Black "Pogosian, Gor"]
[Result "1-0"]
[WhiteElo "1499"]
[BlackElo "1199"]
[PlyCount "71"]
[EventDate "2011.??.??"]

1. e4 e5 2. Nf3 Nc6 3. Bb5 Nd4 4. Nxd4 exd4 5. d3 c6 6. Bc4 Nf6 7. c3 dxc3 8.
Nxc3 b5 9. Bb3 Bb4 10. O-O Bxc3 11. bxc3 d5 12. c4 dxe4 13. dxe4 Qxd1 14. Rxd1
Bg4 15. Re1 O-O 16. Bg5 Rfe8 17. e5 Nd7 18. f4 f6 19. exf6 gxf6 20. Bh6 Kf7 21.
cxb5+ Kg6 22. bxc6 Nb6 23. h3 Bc8 24. Rxe8 Kxh6 25. a4 Ba6 26. Rxa8 Nxa8 27.
Rc1 Kg6 28. c7 Bc8 29. a5 Kg7 30. Bd5 Nxc7 31. Rxc7+ Kg6 32. Rxc8 Kf5 33. g3 h5
34. Rc6 Kg6 35. Be4+ Kh6 36. Rc8 1-0

[Event "Open Loire 2011-2012"]
[Site "LOIRE"]
[Date "2011.12.03"]
[Round "3.13"]
[White "Rogues, Jean-Luc"]
[Black "Ben Habchi, Nordine"]
[Result "1-0"]
[WhiteElo "1430"]
[BlackElo "1490"]
[PlyCount "72"]
[EventDate "2011.??.??"]

1. d4 c6 2. c4 e5 3. d5 Bc5 4. Nc3 Qh4 5. e3 a6 6. Nf3 Qe7 7. Ne4 cxd5 8. Qxd5
Bb4+ 9. Bd2 Bxd2+ 10. Qxd2 Nf6 11. Nd6+ Kf8 12. Nxc8 Qc5 13. Qd6+ Qxd6 14. Nxd6
Ke7 15. Nxb7 Nc6 16. Nc5 Nb4 17. Bd3 d6 18. a3 Nxd3+ 19. Nxd3 e4 20. Nd4 exd3
21. O-O d5 22. c5 d2 23. Rfd1 Ne4 24. f3 Nxc5 25. Rxd2 Kd6 26. b4 Na4 27. Nf5+
Ke5 28. Nxg7 Rhg8 29. Nh5 Rac8 30. Nf4 Rgd8 31. Rad1 d4 32. Rxd4 Rxd4 33. Rxd4
Rc1+ 34. Kf2 f5 35. Nd3+ Kf6 36. Nxc1 Nb6 1-0

[Event "Open Loire 2011-2012"]
[Site "LOIRE"]
[Date "2011.12.03"]
[Round "3.14"]
[White "Rasle, Corentin"]
[Black "Bournez, Gerard"]
[Result "1-0"]
[WhiteElo "1400"]
[BlackElo "1420"]
[PlyCount "75"]
[EventDate "2011.??.??"]

1. d4 Nf6 2. c4 e6 3. Bg5 Bb4+ 4. Nc3 Bxc3+ 5. bxc3 b6 6. e4 h6 7. Bh4 g5 8. e5
Nh7 9. Bg3 Bb7 10. Nf3 Be4 11. Be2 Nc6 12. Qc1 O-O 13. Qe3 Bxf3 14. Bxf3 Rb8
15. h4 Ne7 16. Be4 Nf5 17. Qd3 Nxg3 18. Bxh7+ Kg7 19. fxg3 f5 20. exf6+ Qxf6
21. O-O-O gxh4 22. Rxh4 Qg5+ 23. Kb1 Rf2 24. Qe4 h5 25. Rf4 Rxf4 26. gxf4 Qf6
27. Rh1 Rf8 28. Rxh5 Kf7 29. Bg6+ Ke7 30. Rh7+ Kd6 31. c5+ bxc5 32. dxc5+ Kxc5
33. Qb4+ Kc6 34. Be4+ d5 35. Bd3 Qxf4 36. Qb5+ Kd6 37. Qd7+ Ke5 38. Qxc7+ 1-0

[Event "Open Loire 2011-2012"]
[Site "LOIRE"]
[Date "2011.12.03"]
[Round "3.15"]
[White "Rasle, Jean-Michel"]
[Black "Boeuf, Jeremy"]
[Result "1-0"]
[WhiteElo "1650"]
[BlackElo "1578"]
[PlyCount "93"]
[EventDate "2011.??.??"]

1. d4 Nf6 2. c4 c5 3. d5 b5 4. cxb5 a6 5. Nc3 axb5 6. g3 d6 7. Bg5 Nbd7 8. Bg2
Ba6 9. e4 g6 10. Qc2 Bg7 11. Nge2 O-O 12. O-O b4 13. Nd1 h6 14. Bxf6 Bxf6 15.
Ne3 Ne5 16. f4 Nd7 17. Rfe1 Qb6 18. Kh1 h5 19. Bh3 Ra7 20. Ng1 Bd4 21. Nc4 Bxc4
22. Qxc4 Bxb2 23. Rad1 Qb7 24. Nf3 Nb6 25. Qc2 Bc3 26. Re2 Rd8 $11 27. f5 Kg7
28. fxg6 fxg6 29. Ng5 Re8 30. Ne6+ Kh7 31. Rf1 Rg8 32. Rf7+ Bg7 33. Ng5+ Kh6
34. Qc1 Nxd5 35. Ne6+ Kh7 36. exd5 Qxd5+ 37. Bg2 Qd3 38. Qb2 Qd1+ 39. Rf1 Bxb2
40. Rxd1 Bg7 41. Rf1 Ra3 42. Rf7 c4 43. Rxe7 c3 44. Bd5 Ra5 45. Bb3 d5 46. Rb7
Ra6 47. Bxd5 1-0

[Event "Open Loire 2011-2012"]
[Site "LOIRE"]
[Date "2011.12.03"]
[Round "3.16"]
[White "Schuhmann, Alain"]
[Black "Laffin, Mickael"]
[Result "1-0"]
[WhiteElo "1499"]
[BlackElo "1120"]
[PlyCount "63"]
[EventDate "2011.??.??"]

1. e4 e5 2. f4 Nc6 3. Nf3 f6 4. Be2 Nge7 5. O-O d6 6. Nc3 h6 7. d3 Be6 8. f5
Bf7 9. d4 exd4 10. Nxd4 Qd7 11. Nxc6 Qxc6 12. Bb5 Bc4 13. Bxc6+ Nxc6 14. Rf3
O-O-O 15. b3 Bf7 16. Be3 Bh5 17. Qf1 Bxf3 18. Qxf3 Ne5 19. Qd1 b6 20. Nb5 g6
21. Nxa7+ Kb7 22. Nb5 gxf5 23. exf5 h5 24. a4 Ng4 25. Qf3+ d5 26. a5 bxa5 27.
Rxa5 Bb4 28. Ra7+ Kc6 29. c4 Nxe3 30. Rxc7+ Kb6 31. Qxe3+ Ka6 32. Qa7# 1-0

[Event "Open Loire 2011-2012"]
[Site "LOIRE"]
[Date "2011.12.03"]
[Round "3.17"]
[White "Niceto, Pierrick"]
[Black "Barrandon, Georges"]
[Result "1/2-1/2"]
[WhiteElo "1199"]
[BlackElo "1370"]
[PlyCount "103"]
[EventDate "2011.??.??"]

1. e4 c5 2. Nf3 Nc6 3. Bb5 f6 4. Bxc6 dxc6 5. d4 cxd4 6. Nxd4 c5 7. Nf3 Qxd1+
8. Kxd1 e5 9. Nc3 Bg4 10. Be3 O-O-O+ 11. Ke1 Bxf3 12. gxf3 Bd6 13. Rd1 Ne7 14.
Nb5 Bc7 15. Bxc5 Rxd1+ 16. Kxd1 Rd8+ 17. Ke2 Nc6 18. Rd1 a6 19. Nxc7 Kxc7 20.
Rxd8 Nxd8 21. Ke3 Ne6 22. Bb4 Kc6 23. a4 b6 24. Bc3 Kc5 25. b4+ Kc4 26. Kd2 b5
27. axb5 axb5 28. h4 Nf4 29. Bb2 Kxb4 30. c3+ Kc4 31. Ba3 Nh5 32. Bf8 Kb3 33.
Kd3 Ka4 34. c4 bxc4+ 35. Kxc4 Ka5 36. Kc5 Ka4 37. f4 Nxf4 38. Bxg7 Ne6+ 39. Kd6
Nxg7 40. Ke7 Nh5 41. Kf7 Kb4 42. f3 Kc4 43. Kg8 Kd3 44. Kxh7 Ke3 45. Kg6 Nf4+
46. Kxf6 Kxf3 47. Kxe5 Ng6+ 48. Kf5 Nxh4+ 49. Ke5 Ng6+ 50. Kd4 Kf4 51. Kd3 Ke5
52. Ke3 1/2-1/2

[Event "Open Loire 2011-2012"]
[Site "LOIRE"]
[Date "2011.12.03"]
[Round "3.18"]
[White "Sabatier, Baptiste"]
[Black "Brachet, Gerard"]
[Result "0-1"]
[WhiteElo "1199"]
[BlackElo "1350"]
[PlyCount "56"]
[EventDate "2011.??.??"]

1. e4 e5 2. Nf3 Nc6 3. Nc3 Nf6 4. Bb5 d6 5. d3 g6 6. O-O Bg7 7. Bg5 a6 8. Bc4
Ne7 9. Bxf7+ Kxf7 10. Nxe5+ dxe5 11. Re1 h6 12. Bh4 Bg4 13. f3 Be6 14. d4 exd4
15. Nb5 axb5 16. c3 c5 17. Qd3 Bc4 18. Qd2 Be6 19. Qf4 g5 20. Bxg5 hxg5 21.
Qxg5 Rh5 22. Qf4 Ng6 23. Qg3 Rh7 24. Rad1 Nh5 25. Qh3 Bxh3 26. gxh3 Ngf4 27. e5
Qg5+ 28. Kf1 Qg2# 0-1

[Event "Open Loire 2011-2012"]
[Site "LOIRE"]
[Date "2011.12.03"]
[Round "3.19"]
[White "Poyet, Louis"]
[Black "Acikgoz, Tuncay"]
[Result "0-1"]
[WhiteElo "1099"]
[BlackElo "1199"]
[PlyCount "74"]
[EventDate "2011.??.??"]

1. e4 e5 2. Nf3 Nc6 3. Bc4 Nf6 4. Ng5 d5 5. exd5 Nxd5 6. Nc3 Nxc3 7. dxc3 Qxd1+
8. Kxd1 Be7 9. Nf3 Bg4 10. Be3 O-O-O+ 11. Bd2 Bg5 12. Ke1 Bxf3 13. gxf3 Bxd2+
14. Kf1 Bf4 15. Re1 Rd2 16. Re2 Rxe2 17. Kxe2 Rd8 18. Kf1 Rd2 19. Kg2 Rxc2 20.
Rb1 Na5 21. b4 Nxc4 22. a4 Rxc3 23. a5 Ne3+ 24. fxe3 Bxe3 25. Re1 Rc2+ 26. Kh3
Bf4 27. Rh1 b6 28. a6 c5 29. b5 c4 30. Kg4 Rc1 31. Rxc1 Bxc1 32. Kg3 c3 33. Kf2
c2 34. Ke2 Ba3 35. Kd3 c1=Q 36. h4 Qd1+ 37. Ke3 Bc5+ 0-1